| 000 | 00625nam a2200193Ia 4500 | ||
|---|---|---|---|
| 005 | 20260429112332.0 | ||
| 008 | 260429s9999||||xx |||||||||||||| ||und|| | ||
| 020 | _a9788126704354 | ||
| 041 | _aHindi | ||
| 082 |
_a891.430 _bSHA |
||
| 100 | _aशर्मा, रामविलाश | ||
| 245 | 0 |
_aनिराला की साहित्य -साधना / _cरामविलाश शर्मा |
|
| 250 | _a12th ed. | ||
| 260 |
_aनई दिल्ली : _bराजकमल प्रकाशन, _c2025. |
||
| 300 | _a479 p.; hb | ||
| 440 | _vVol. 3 | ||
| 650 | _aCritical Studies | ||
| 942 | _cTB | ||
| 999 |
_c53556 _d53556 |
||